All foreign players Brentford FC - Statistics

General Stats
  • This quiz has been taken 16 times
  • The average score is 50 of 151
Answer Stats
Hint Answer % Correct
Bryan Mbeumo
100%
Mark Flekken
100%
Yoane Wissa
100%
Christian Nørgaard
92%
David Raya
92%
Frank Onyeka
92%
Kristoffer Ajer
92%
Saman Ghoddos
92%
Álvaro Fernández
83%
Ethan Pinnock
83%
Kevin Schade
83%
Marcus Bean
83%
Mathias Jensen
83%
Mikkel Damsgaard
83%
Neal Maupay
83%
Pontus Jansson
83%
Saïd Benrahma
83%
Shandon Baptiste
75%
Mads Roerslev
67%
Thomas Strakosha
67%
Vitaly Janelt
67%
Zanka
67%
Ji-Soo Kim
58%
Marcus Forss
58%
Romaine Sawyers
58%
Sergi Canós
58%
Tarique Fosu
58%
Andreas Bjelland
50%
Emiliano Marcondes
50%
Henrik Dalsgaard
50%
Joel Valencia
50%
Jonas Lössl
50%
Lasse Vibe
50%
Maxime Colin
50%
Nico Yennaris
50%
Christian Eriksen
42%
Florian Jozefzoon
42%
Jaakko Oksanen
42%
Jan Žambůrek
42%
Julian Jeanvier
42%
Justin Shaibu
42%
Luka Račić
42%
Mads Bech
42%
Mads Bidstrup
42%
Mikkel Andersen
42%
Nikos Karelis
42%
Patrik Gunnarsson
42%
Yoann Barbet
42%
Andre Gray
33%
Betinho
33%
Fredrik Hammar
33%
Halil Dervişoğlu
33%
Jon Toral
33%
Jota Peleteiro
33%
Konstantin Kerschbaumer
33%
Leandro Rodríguez
33%
Marco Djuričin
33%
Marcus Gayle
33%
Mike Grella
33%
Nikolaj Kirk
33%
Philipp Hofmann
33%
Saido Berahino
33%
Sam Sodje
33%
San Lee
33%
Tébar
33%
Toumani Diagouraga
33%
Akaki Gogia
25%
Emmanuel Ledesma
25%
Ilias Chatzitheodoridis
25%
Ívar Ingimarsson
25%
Jan Holldack
25%
John Bostock
25%
Kamohelo Mokotjo
25%
Kolbeinn Finnsson
25%
Marcel Eger
25%
Marcello Trotta
25%
Mark McCammon
25%
Myles Weston
25%
Pim Balkestein
25%
Sullay Kaikai
25%
Tristan Crama
25%
Winston Reid
25%
Yegor Yarmoluk
25%
Aaron Pierre
17%
Adam Griffiths
17%
Adam Newton
17%
Adam Reed
17%
Ademola Bankole
17%
Anthony Rougier
17%
Augustus Hurdle
17%
Ben Starosta
17%
Brian Statham
17%
Callum Elder
17%
Callum Willock
17%
Carl Cort
17%
Chris Coyne
17%
Cleveland Taylor
17%
Dirk Hebel
17%
Efan Ekoku
17%
Farid El Alagui
17%
Gunnar Einarsson
17%
Hermann Hreiðarsson
17%
Ibrahima Sonko
17%
Jamie Lawrence
17%
Jani Viander
17%
Jean-Phillipe Javary
17%
Joel Kitamirike
17%
Jo Kuffour
17%
Jon Brady
17%
Lewis Grabban
17%
Liam Moore
17%
Lloyd Owusu
17%
Lorenzo Pinamonte
17%
Manny Onariase
17%
Martin Fillo
17%
Michael Jide Olugbodi
17%
Mickaël Antoine-Curier
17%
Mohamed Berthe
17%
Nick Proschwitz
17%
Ólafur Skúlason
17%
Raphaël Calvet
17%
Ricky Shakes
17%
Thomas Pinault
17%
Tommy Smith
17%
Vaneer Harris
17%
Wojciech Szczęsny
17%
Adrian Cáceres
8%
Antoine Gounet
8%
Clyde Wijnhard
8%
Craig Dobson
8%
Daniel O'Shaughnessy
8%
Danis Salman
8%
Deon Burton
8%
Detsi Kruszyński
8%
Dominic Kurasik
8%
Folawiyo Onibuje
8%
Gustav Morgensen
8%
Japhet Sery
8%
Javi Venta
8%
Jean-Gabin Moubeke
8%
Jean-Willy Ngoma
8%
Jeffrey Schlupp
8%
Jim Brown
8%
João Carlos Teixeira
8%
José Gallego
8%
Llera
8%
Michael Olakigbe
8%
Nikola Tzanev
8%
Ólafur Gottskálksson
8%
Petar Borota
8%
Rodiel
8%
No matching quizzes found
Score Distribution
Percent of People with Each Score
Percentile by Number Answered
Your Score History
You have not taken this quiz